A preliminary report on the underground water supply of central Florida. (Record no. 24768)

MARC details
000 -LEADER
fixed length control field 00877cam a22002171 4500
001 - CONTROL NUMBER
control field gs 08000399
003 - CONTROL NUMBER IDENTIFIER
control field DLC
005 - DATE AND TIME OF LATEST TRANSACTION
control field 20260227111308.0
008 - FIXED-LENGTH DATA ELEMENTS--GENERAL INFORMATION
fixed length control field 780418s1908 xx 000 0 eng c
010 ## - LIBRARY OF CONGRESS CONTROL NUMBER
LC control number gs 08000399
035 ## - SYSTEM CONTROL NUMBER
System control number (OCoLC)3810311
040 ## - CATALOGING SOURCE
Original cataloging agency Library, U.S. Geological Survey
Transcribing agency OT
Modifying agency OCoLC
-- DLC
042 ## - AUTHENTICATION CODE
Authentication code premarc
050 00 - LIBRARY OF CONGRESS CALL NUMBER
Classification number QE99
Item number .A3 no. 1
100 1# - MAIN ENTRY--PERSONAL NAME
Personal name Sellards, E. H.
Fuller form of name (Elias Howard),
Dates associated with a name 1875-1961.
245 02 - TITLE STATEMENT
Title A preliminary report on the underground water supply of central Florida.
Statement of responsibility, etc. By E. H. Sellards. Prepared in cooperation with the United States Geological survey.
260 ## - PUBLICATION, DISTRIBUTION, ETC.
Place of publication, distribution, etc. Talahassee, Fla.,
Name of publisher, distributor, etc. Capital publishing co., state printer,
Date of publication, distribution, etc. 1908.
300 ## - PHYSICAL DESCRIPTION
Extent 2 p. l., [3], [7]-103, [1] p.
Other physical details illus., VI pl. (incl. front., map) diagrs.
Dimensions 23 cm.
490 0# - SERIES STATEMENT
Series statement Florida. Geological survey, 1907- Bulletin
Volume/sequential designation no. 1
650 #0 - SUBJECT ADDED ENTRY--TOPICAL TERM
Topical term or geographic name entry element Groundwater
Geographic subdivision Florida.

No items available.

Powered by Koha